Development of Writing Skills in Individuals with Learning Difficulties (Record no. 89841)

MARC details
000 -LEADER
fixed length control field 01245nam a2200205Ia 4500
000 - LEADER
fixed length control field 01945naaa 00361uu
001 - CONTROL NUMBER
control field https://directory.doabooks.org/handle/20.500.12854/32189
008 - FIXED-LENGTH DATA ELEMENTS--GENERAL INFORMATION
fixed length control field 211013s9999 xx 000 0 und d
042 ## - AUTHENTICATION CODE
Authentication code dc
100 1# - MAIN ENTRY--PERSONAL NAME
Personal name Miller, Brett
245 #0 - TITLE STATEMENT
Title Development of Writing Skills in Individuals with Learning Difficulties
260 ## - PUBLICATION, DISTRIBUTION, ETC.
Place of publication, distribution, etc. Leiden, Boston
Name of publisher, distributor, etc. Brill
Date of publication, distribution, etc. 2017
520 ## - SUMMARY, ETC.
Summary, etc. This volume highlights writing development and its relation to other cognitive domains, such as language and reading, for individuals who struggle to acquire writing proficiency, including those with specific learning disorders (SLD; e.g., dyslexia, dysgraphia, and specific language impairment) which affect writing skills (e.g., handwriting, composition). Writing and writing development are presented from a transnational perspective with an integrated focus on conceptualizing writing as a developmental process.
540 ## - TERMS GOVERNING USE AND REPRODUCTION NOTE
Terms governing use and reproduction Creative Commons
653 ## - INDEX TERM--UNCONTROLLED
Uncontrolled term Linguistics
700 1# - ADDED ENTRY--PERSONAL NAME
Personal name McCardle, Peggy
856 ## - ELECTRONIC LOCATION AND ACCESS
Uniform Resource Identifier <a href="https://docs.google.com/spreadsheets/d/1yKIrdCPDAG_9c22mwoOIO2DOhtj65Wqa/edit?usp=sharing&ouid=106555315294820607512&rtpof=true&sd=true ">https://docs.google.com/spreadsheets/d/1yKIrdCPDAG_9c22mwoOIO2DOhtj65Wqa/edit?usp=sharing&ouid=106555315294820607512&rtpof=true&sd=true </a>
Link text List of Curated E-Books
942 ## - ADDED ENTRY ELEMENTS (KOHA)
Koha item type E-Book

No items available.

University of Rizal System
Email us at univlibservices@urs.edu.ph

Visit our Website www.urs.edu.ph/library